Life Lines: Intermediate: Teacher's book
Dành cho giáo viên. Cung cấp đáp án, lời giải thích cho tất cả các bài tập và hoạt động trong sách học viên; kèm theo bản ghi (tapecript) của tất cả các hoạt động nghe. Đưa ra gợi ý và hướng dẫn giáo viên thiết kế các hoạt động hiệu quả....
Đã lưu trong:
| Tác giả chính: | |
|---|---|
| Định dạng: | Sách |
| Năm xuất bản: |
Anh
Oxford University
2003
|
| Chủ đề: | |
| Tags: |
Thêm thẻ
Không có thẻ, Hãy là người đầu tiên gắn thẻ bản ghi này!
|
| LEADER | 01434nam a2200205 4500 | ||
|---|---|---|---|
| 999 | |c 4498 |d 4498 | ||
| 082 | |a 420.71 |b H522CH | ||
| 100 | |a Hutchinson, Tom | ||
| 245 | |a Life Lines: Intermediate: Teacher's book |c Tom Hutchinson, Ann Ward | ||
| 260 | |a Anh |b Oxford University |c 2003 | ||
| 300 | |a 160 tr. |c 30 cm | ||
| 520 | |a Dành cho giáo viên. Cung cấp đáp án, lời giải thích cho tất cả các bài tập và hoạt động trong sách học viên; kèm theo bản ghi (tapecript) của tất cả các hoạt động nghe. Đưa ra gợi ý và hướng dẫn giáo viên thiết kế các hoạt động hiệu quả. | ||
| 653 | |a Ngôn ngữ | ||
| 653 | |a Tiếng Anh | ||
| 653 | |a Sách giáo viên | ||
| 942 | |2 ddc |c STK0 | ||
| 952 | |0 0 |1 0 |2 ddc |4 0 |6 420_071000000000000_H522CH |7 0 |8 400 |9 43886 |a qbu |b qbu |c D4 |d 2014-12-19 |g 32000 |o 420.071 H522CH |p 2737.c1 |w 2014-12-19 |y STK0 |0 0 |6 420_071000000000000_H522CH | ||
| 952 | |0 0 |1 0 |2 ddc |4 0 |6 420_071000000000000_H522CH |7 0 |8 400 |9 43887 |a qbu |b qbu |c D4 |d 2014-12-19 |g 32000 |o 420.071 H522CH |p 2737.c2 |w 2014-12-19 |y STK0 |0 0 |6 420_071000000000000_H522CH | ||
| 952 | |0 0 |1 0 |2 ddc |4 0 |6 420_071000000000000_H522CH |7 0 |8 400 |9 43888 |a qbu |b qbu |c D4 |d 2014-12-19 |g 32000 |o 420.071 H522CH |p 2737.c3 |w 2014-12-19 |y STK0 |0 0 |6 420_071000000000000_H522CH | ||
| 952 | |0 0 |1 0 |2 ddc |4 0 |6 420_071000000000000_H522CH |7 0 |8 400 |9 43889 |a qbu |b qbu |c D4 |d 2014-12-19 |g 32000 |o 420.071 H522CH |p 2737.c4 |w 2014-12-19 |y STK0 |0 0 |6 420_071000000000000_H522CH | ||